<?xml version="1.0" encoding="UTF-8"?>
<collection xmlns="http://www.loc.gov/MARC21/slim">
  <record>
    <leader>00000nam  2200000   4500</leader>
    <controlfield tag="001">INLIS000000000018938</controlfield>
    <controlfield tag="005">20250117024856</controlfield>
    <datafield tag="035" ind1="#" ind2="#">
      <subfield code="a">0010-0125000082</subfield>
    </datafield>
    <controlfield tag="007">ta</controlfield>
    <controlfield tag="008">250117################g##########0#ind##</controlfield>
    <datafield tag="020" ind1="#" ind2="#">
      <subfield code="a">978-602-422-314-4</subfield>
    </datafield>
    <datafield tag="082" ind1="#" ind2="#">
      <subfield code="a">070.4</subfield>
    </datafield>
    <datafield tag="084" ind1="#" ind2="#">
      <subfield code="a">070.4 AZW e</subfield>
    </datafield>
    <datafield tag="100" ind1=" " ind2="#">
      <subfield code="a">Azwar</subfield>
    </datafield>
    <datafield tag="245" ind1="1" ind2="#">
      <subfield code="a">4 Pilar Jurnalistik : Pengetahuan Dasar Belajar Jurnalistik :</subfield>
      <subfield code="b">pengetahuan dasar belajar jurnalistik /</subfield>
      <subfield code="c">Azwar</subfield>
    </datafield>
    <datafield tag="260" ind1="#" ind2="#">
      <subfield code="a">Jakarta :</subfield>
      <subfield code="b">Kencana,</subfield>
      <subfield code="c">2018</subfield>
    </datafield>
    <datafield tag="300" ind1="#" ind2="#">
      <subfield code="a">xiii, 182 hlm ;</subfield>
      <subfield code="c">7.5 MB</subfield>
    </datafield>
    <datafield tag="650" ind1="#" ind2="4">
      <subfield code="a">Jurnalistik</subfield>
    </datafield>
    <datafield tag="856" ind1="#" ind2="#">
      <subfield code="a">https://web-ipustakalan.moco.co.id/book/726f132a-dc02-4f07-8e9f-8ee0cc4767a2</subfield>
    </datafield>
    <datafield tag="520" ind1="#" ind2="#">
      <subfield code="a">Buku ini menguraikan empat pilar utama dalam pembelajaran jurnalistik, yaitu Etika Jurnalistik (Code of Conduct), Manajemen Ruang Redaksi, Teknik Liputan (Reportase), dan Teknik Menulis. Dalam teknik menulis, selain menulis berita sebagai kemampuan utama yang harus dimiliki jurnalis, ada bonus pengajaran teknik menulis feature, teknik menulis opini, teknik menulis esai, dan teknik menulis resensi. Selain itu juga ditambah pembahasan tentang bahasa jurnalistik. Hal-hal tersebut,—selain empat pilar pengajaran jurnalistik— penulis anggap penting karena jurnalis dituntut untuk bisa menulis berbagai jenis tulisan selain tugas utamanya menulis berita. Berdasarkan pengalaman penulis dan pengalaman teman-teman jurnalis lainnya, hampir tidak ada jurnalis yang hanya bisa menulis berita. Jurnalis pada umumnya bisa menulis jenis tulisan lainnya. Teknik menulis yang diuraikan dalam buku ini ditulis berdasarkan pengalaman bergelut dalam dunia jurnalistik semenjak kuliah.</subfield>
    </datafield>
    <datafield tag="990" ind1="#" ind2="#">
      <subfield code="a">2024/4/A/0005</subfield>
    </datafield>
    <datafield tag="990" ind1="#" ind2="#">
      <subfield code="a">2024/4/A/0006</subfield>
    </datafield>
  </record>
</collection>
